1859 1808 1951 1000 1544 1221 1761 1074 1229 1103 1641 1353 1852 1518 1177 1848 1569 1617 1723 1894 1599 1908 1816 1378 1155 1261 1800 1750 1718 1033 1377 1931 1536 1465 1165 1526 1473 1124 1415 1335 1984 1366 1210 1434 1384 1823 1348 1707 1301 1144 1532 1230 1104 1294 1858 1090 1225 1625 1573 1363 1526 1718 1939 1760 1598 1706 1575 1134 1292 1199 1057 1992 1746 1718 1674 1275 1266 1075 1417 1444 1741 1144 1087 1996 1706 1529 1484 1046 1135 1549 1846 1010 1816 1317 1923 1248 1912 1979 1671 BCNSPRNW ULIB Ver.6.0+V

เปลี่ยนเป็นภาษาไทย

Change to English
 แสดงรายละเอียดบรรณานุกรม
  กลับหน้าหลัก

Brief Record : Get Marc (ISO 2709) : E-mail record : QR code < ปิดหน้าต่าง
LEADER : 00000nam 2200000uu 4500
001    13399121308
003     ULIB
008    121114s2548||||th 000 0 tha d
020    ^a9746140574 (ล.2)
050  4 ^aPE1116.T6^bส719ภ ล.2
245 10 ^aภาษาอังกฤษเพื่อการท่องเที่ยว หน่วยที่ 9-15=^bEnglish for tourism /^cปิยะนัฐ ด่านวิวัฒน์ ... [และคนอื่นฯ] ; สาขาวิชาศิลปศาสตร์ มหาวิทยาลัยสุโขทัยธรรมาธิราช
246 14 ^aเอกสารการสอนชุดวิชาภาษาอังกฤษเพื่อการท่องเที่ยว
246 31 ^aEnglish for tourism
250    ^aพิมพ์ครั้งที่ 9
260    ^aนนทบุรี :^bสำนักพิมพ์มหาวิทยาลัยสุโขทัยธรรมาธิราช,^c2548
300    ^a2 เล่ม :^bภาพประกอบ ;^c30 ซม.
500    ^aเอกสารการสอนชุดวิชาภาษาอังกฤษเพื่อการท่องเที่ยว 11302หน่วยที่ 1-8, 9-15
591    ^aLINA มี ล.2
650  4 ^aภาษาอังกฤษ^xตำราสำหรับชนต่างชาติ
650  4 ^aภาษาอังกฤษ^xบทสนทนาและวลี
651  7 ^aไทย^xภูมิประเทศและการท่องเที่ยว^xหนังสือนำเที่ยว
700 0  ^aปิยะนัฐ ด่านวิวัฒน์
710 2  ^aมหาวิทยาลัยสุโขทัยธรรมาธิราช. ^bสาขาวิชาศิลปศาสตร์
945    ^p0^l0^i19555
995    ^aวิภา
999 ^a ทศพร
รายการนี้ยังไม่มีแท็ก
คุณยังไม่ได้ล็อกอิน คุณสามารถมีกิจกรรมร่วมกับเว็บไซต์ได้ แต่ต้องล็อกอินก่อน ::
  ล็อกอิน

รายการสื่อสารสนเทศ

ลำดับที่ ประเภท เลขเรียก/บาร์โค้ด สถานที่ สถานะ
1. วิทยาศาสตร์การแพทย์ และสุขภาพ
วิทยาศาสตร์การแพทย์ และสุขภาพ
PE1116.T6 ส719ภ ล.2  
  Barcode: 19555
ห้องสมุดวิทยาเขตสวรรค์ประชารักษ์
►หนังสือทั่วไป
บนชั้น

BibComment


ยังไม่เคยถูกคอมเมนท์

คอมเมนท์ทรัพยากรรายการนี้
  คอมเมนท์: ภาษาอังกฤษเพื่อก..


 Copyright 2026. Bcnsprnw @Library